Pozvali vás na pracovný pohovor?
Každý uchádzač o zamestnanie musí absolvovať výberový pohovor bez ohľadu na to, či pri hľadaní práce priamo oslovuje organizáciu, alebo hľadá pracovné príležitosti cez personálne agentúry. Tipy, ako sa na pracovný pohovor pripraviť.
Guardado en:
| Autor principal: | |
|---|---|
| Formato: | Capítulo de libro |
| Lenguaje: | eslovaco |
| Materias: | |
| Etiquetas: |
Sin Etiquetas, Sea el primero en etiquetar este registro!
|
MARC
| LEADER | 00000naa a2200000 4500 | ||
|---|---|---|---|
| 001 | 0250658 | ||
| 005 | 20240502074022.3 | ||
| 041 | 0 | |a slo | |
| 044 | |a SK | ||
| 245 | 1 | 0 | |a Pozvali vás na pracovný pohovor? |c Cecília Olexová |
| 520 | |a Každý uchádzač o zamestnanie musí absolvovať výberový pohovor bez ohľadu na to, či pri hľadaní práce priamo oslovuje organizáciu, alebo hľadá pracovné príležitosti cez personálne agentúry. Tipy, ako sa na pracovný pohovor pripraviť. | ||
| 610 | 2 | 0 | |a práca |
| 610 | 2 | 0 | |a zamestnanie |
| 610 | 2 | 0 | |a pohovor |
| 610 | 2 | 0 | |a zamestnávatelia |
| 100 | 1 | |a Olexová, Cecília, 1976- | |